000 01053nam a2200289Ia 4500
001 F6087
003 IT-RoPAU
008 130308s9999 xx 000 0 und d
040 _aIT-RoPAU
040 _cIT-RoPAU
041 _aITALIANO
100 _aSoumanou Vieyra Paulin
100 _gCodice Aut. SPICS: 36310
245 _aRiflessioni di Paulin S. Vieyra, primo regista e pensatore del cinema africano
245 _bNascita del Cinema in Africa (La). Il Cinema dell'Africa Sub-Sahariana Dalle Origini al 1975
250 _a1a ed.
260 _aTORINO
260 _bLindau
260 _c1998 [1° Ed.:1998 - Ed.Ling.Originale:1962]
300 _a"11 p. (prefazione: no ; testo: 11 [pagine: 29-39])"
500 _aEsiste un Cinema Africano? Quando L'Africa Era una Colonia Europea. 1960: Anno dell'Africa. Cammino dell'Africa Verso un Cinema Nazionale. numero di Sale Cinematografiche Nei singoli Paesi.
650 _aSTORIA NAZIONALE DEL CINEMA
650 _eCodice materia Spics: 6809
942 _cBK
957 _71
999 _c83543
_d83543
999 _g1